| 000 | 00453nam a2200169 i 4500 | ||
|---|---|---|---|
| 001 | 62307 | ||
| 003 | ES-MaACL | ||
| 005 | 20230906164638.0 | ||
| 007 | t| | ||
| 008 | 031119s1973 sp ||||1| spa d | ||
| 100 | 1 |
_aFernández Sánchez, Joaquín. _950067 |
|
| 245 | 1 | 3 |
_aEl juego y el fuego / _cJoaquín Fernández. |
| 250 | _a[1ª ed.]. | ||
| 260 |
_aMadrid : _bSala, _c[1973] |
||
| 300 |
_a351 p. ; _c19 cm. |
||
| 852 |
_aES-MaACL _jC-54384 _bR.87302 |
||
| 999 |
_c62307 _d62307 |
||